| 000 | 00750nam a2200205Ia 4500 | ||
|---|---|---|---|
| 003 | GCL | ||
| 008 | 140319s9999 xx 000 0 ara d | ||
| 040 |
_aGCL / _cGCL |
||
| 082 | 0 | 4 |
_aق _b953.0738 _bم م |
| 100 | 1 | _aمحمد جمال الدين سرور | |
| 245 | 1 | 0 |
_aمصر فى عصر الدولة الفاطمية / _cمحمد جمال الدين سرور |
| 250 | _aالاولى | ||
| 260 |
_aالقاهرة : _bمكتبة النهضة المصرية |
||
| 300 |
_a251 ص ؛ _c19سم |
||
| 490 |
_aالالف كتاب _v274 |
||
| 650 | 0 | 4 | _aالدولة الفاطمية |
| 650 | 0 | 4 | _aمصر - تاريخ - العصر الفاطمى ( 969-1171 م ) |
| 650 | 0 | 4 | _aالمغرب - تاريخ - العصر الاسلامى |
| 942 |
_2ddc _cBK |
||
| 999 |
_c49804 _d49804 |
||